[Event "2024 National Elementary (K-6) Championship"]
[Site "Columbus, Ohio, United States"]
[Date "2024.04.27"]
[Round "5.24"]
[White "Arun, Pranav"]
[Black "Jani, Aakash"]
[Result "0-1"]
[TimeControl "G/90; d10"]
[WhiteFideId "39912027"]
[BlackFideId "30996163"]
[WhiteElo "1421"]
[BlackElo "1920"]

1. e4 {[%clk 01:30:00]} {[%emt 00:00:03]} e5 {[%clk 01:29:56]} {[%emt
00:00:26]} 2. Nf3 {[%clk 01:29:51]} {[%emt 00:00:17]} Nc6 {[%clk 01:29:41]}
{[%emt 00:00:15]} 3. d4 {[%clk 01:29:48]} {[%emt 00:00:13]} exd4 {[%clk
01:29:41]} {[%emt 00:00:09]} 4. Nxd4 {[%clk 01:29:48]} {[%emt 00:00:05]} Nf6
{[%clk 01:29:19]} {[%emt 00:00:31]} 5. Nc3 {[%clk 01:29:43]} {[%emt 00:00:16]}
Bb4 {[%clk 01:28:55]} {[%emt 00:00:34]} 6. Bg5 {[%clk 01:29:01]} {[%emt
00:00:52]} h6 {[%clk 01:27:45]} {[%emt 00:01:20]} 7. Bh4 {[%clk 01:27:47]}
{[%emt 00:01:23]} g5 {[%clk 01:24:14]} {[%emt 00:03:40]} 8. Bg3 {[%clk
01:25:37]} {[%emt 00:02:22]} Nxe4 {[%clk 01:19:36]} {[%emt 00:04:48]} 9. Nxc6
{[%clk 01:17:46]} {[%emt 00:08:01]} dxc6 {[%clk 01:18:50]} {[%emt 00:00:55]} 10.
Qxd8+ {[%clk 01:17:27]} {[%emt 00:00:30]} Kxd8 {[%clk 01:18:18]} {[%emt
00:00:41]} 11. O-O-O+ {[%clk 01:17:24]} {[%emt 00:00:14]} Nd6 {[%clk 01:18:16]}
{[%emt 00:00:12]} 12. Bc4 {[%emt 00:10:07]} f5 {[%clk 01:13:30]} {[%emt
00:04:54]} 13. Be5 {[%clk 01:04:57]} {[%emt 00:02:42]} Re8 {[%clk 01:05:55]}
{[%emt 00:07:45]} 14. Rhe1 {[%clk 01:01:49]} {[%emt 00:03:18]} Bd7 {[%emt
00:01:28]} 15. Bb3 {[%clk 01:00:45]} {[%emt 00:01:13]} Ne4 {[%clk 00:58:07]}
{[%emt 00:06:40]} 16. f3 {[%clk 00:53:12]} {[%emt 00:08:23]} Rxe5 {[%clk
00:57:01]} {[%emt 00:01:16]} 17. fxe4 {[%clk 00:52:56]} {[%emt 00:00:25]} fxe4
{[%clk 00:56:26]} {[%emt 00:00:44]} 18. Rf1 {[%clk 00:52:06]} {[%emt 00:01:01]}
Bd6 {[%clk 00:38:18]} {[%emt 00:18:19]} 19. Rf6 {[%clk 00:48:39]} {[%emt
00:03:34]} Ke7 {[%clk 00:37:11]} {[%emt 00:01:18]} 20. Rf7+ {[%clk 00:47:38]}
{[%emt 00:01:11]} Ke8 {[%clk 00:36:35]} {[%emt 00:00:46]} 21. Rf6 {[%clk
00:46:46]} {[%emt 00:01:03]} Rf5 {[%clk 00:32:23]} {[%emt 00:04:21]} 22. Nxe4
{[%clk 00:44:37]} {[%emt 00:02:19]} Rxf6 {[%clk 00:31:32]} {[%emt 00:01:01]} 23.
Nxf6+ {[%clk 00:44:37]} {[%emt 00:00:08]} Ke7 {[%clk 00:31:32]} {[%emt
00:00:06]} 24. Ne4 {[%clk 00:44:03]} {[%emt 00:00:44]} Rf8 {[%clk 00:29:24]}
{[%emt 00:02:18]} 25. Re1 {[%clk 00:42:14]} {[%emt 00:01:59]} Kd8 {[%clk
00:29:04]} {[%emt 00:00:30]} 26. Rd1 {[%clk 00:41:32]} {[%emt 00:00:52]} Bf4+
{[%clk 00:28:09]} {[%emt 00:01:05]} 27. Kb1 {[%clk 00:41:28]} {[%emt 00:00:15]}
Kc8 {[%clk 00:26:56]} {[%emt 00:01:21]} 28. Rf1 {[%clk 00:40:11]} {[%emt
00:01:27]} Re8 {[%clk 00:26:34]} {[%emt 00:00:34]} 29. Nf6 {[%clk 00:38:03]}
{[%emt 00:02:17]} Re2 {[%clk 00:24:25]} {[%emt 00:02:19]} 30. g3 {[%clk
00:37:29]} {[%emt 00:00:45]} Bh3 {[%clk 00:24:07]} {[%emt 00:00:27]} 31. Rd1
{[%clk 00:36:30]} {[%emt 00:01:09]} Bd6 {[%clk 00:23:07]} {[%emt 00:01:11]} 32.
g4 {[%clk 00:35:13]} {[%emt 00:01:27]} Rxh2 {[%clk 00:21:36]} {[%emt 00:01:40]}
33. Bc4 {[%clk 00:34:46]} {[%emt 00:00:37]} b5 {[%clk 00:21:08]} {[%emt
00:00:39]} 34. Be6+ {[%clk 00:34:02]} {[%emt 00:00:54]} Kb7 {[%clk 00:21:08]}
{[%emt 00:00:05]} 35. a3 {[%clk 00:33:43]} {[%emt 00:00:29]} Bg2 {[%clk
00:20:23]} {[%emt 00:00:53]} 36. Ne8 {[%clk 00:33:22]} {[%emt 00:00:32]} Be4
{[%clk 00:19:32]} {[%emt 00:01:01]} 37. Nxd6+ {[%clk 00:32:56]} {[%emt
00:00:36]} cxd6 {[%clk 00:19:32]} {[%emt 00:00:07]} 38. Rxd6 {[%clk 00:32:56]}
{[%emt 00:00:09]} Rxc2 {[%clk 00:19:21]} {[%emt 00:00:20]} 39. Ka2 {[%clk
00:32:27]} {[%emt 00:00:40]} Rh2 {[%clk 00:19:12]} {[%emt 00:00:19]} 40. Bf7
{[%clk 00:30:55]} {[%emt 00:01:41]} Rf2 {[%clk 00:17:50]} {[%emt 00:01:31]} 41.
Bh5 {[%clk 00:30:26]} {[%emt 00:00:42]} Bd5+ {[%clk 00:17:44]} {[%emt
00:00:15]} 42. Kb1 {[%clk 00:30:20]} {[%emt 00:00:15]} Bb3 {[%clk 00:17:37]}
{[%emt 00:00:18]} 43. Kc1 {[%clk 00:29:36]} {[%emt 00:00:53]} Rf1+ {[%clk
00:17:15]} {[%emt 00:00:32]} 44. Kd2 {[%clk 00:29:36]} {[%emt 00:00:05]} Rd1+
{[%clk 00:17:15]} {[%emt 00:00:04]} 45. Kc3 {[%clk 00:29:36]} {[%emt 00:00:03]}
Rxd6 {[%clk 00:17:12]} 46. Kb4 {[%clk 00:29:36]} {[%emt 00:00:21]} Rd3 {[%clk
00:16:49]} {[%emt 00:00:34]} 47. Bg6 {[%clk 00:29:30]} {[%emt 00:00:16]} Rh3
{[%clk 00:16:47]} {[%emt 00:00:12]} 48. Bh5 {[%clk 00:29:30]} {[%emt 00:00:10]}
Kb6 {[%clk 00:16:47]} {[%emt 00:00:06]} 49. a4 {[%clk 00:29:20]} {[%emt
00:00:19]} c5+ {[%clk 00:16:47]} {[%emt 00:00:05]} 50. Ka3 {[%clk 00:29:20]}
{[%emt 00:00:10]} b4# {[%clk 00:16:47]} {[%emt 00:00:05]} 0-1

[Event "2024 National Elementary (K-6) Championship"]
[Site "Columbus, Ohio, United States"]
[Date "2024.04.27"]
[Round "5.25"]
[White "Sharma, Shreyan"]
[Black "Wang, Tyler"]
[Result "0-1"]
[TimeControl "G/90; d10"]
[WhiteFideId "39934616"]
[WhiteElo "954"]
[BlackElo "961"]

1. e4 {[%clk 01:30:00]} {[%emt 00:00:02]} e6 {[%clk 01:30:00]} {[%emt
00:00:05]} 2. Nf3 {[%clk 01:29:59]} {[%emt 00:00:24]} d5 {[%clk 01:30:00]}
{[%emt 00:00:08]} 3. exd5 {[%clk 01:29:59]} {[%emt 00:00:07]} exd5 {[%clk
01:30:00]} {[%emt 00:00:02]} 4. d4 {[%clk 01:29:59]} {[%emt 00:00:02]} c6
{[%clk 01:30:00]} {[%emt 00:00:05]} 5. Nc3 {[%clk 01:29:52]} {[%emt 00:00:17]}
Bd6 {[%clk 01:30:00]} {[%emt 00:00:06]} 6. Bd3 {[%clk 01:29:49]} {[%emt
00:00:13]} Nf6 {[%clk 01:30:00]} {[%emt 00:00:05]} 7. O-O {[%clk 01:29:49]}
{[%emt 00:00:07]} O-O {[%clk 01:30:00]} {[%emt 00:00:03]} 8. Bg5 {[%clk
01:29:35]} {[%emt 00:00:24]} Be6 {[%clk 01:29:41]} {[%emt 00:00:29]} 9. a3
{[%clk 01:29:19]} {[%emt 00:00:27]} Nbd7 {[%clk 01:29:30]} {[%emt 00:00:20]} 10.
Re1 {[%clk 01:28:51]} {[%emt 00:00:38]} Qc7 {[%clk 01:29:22]} {[%emt 00:00:18]}
11. h3 {[%clk 01:28:39]} {[%emt 00:00:23]} h6 {[%clk 01:28:51]} {[%emt
00:00:41]} 12. Bh4 {[%clk 01:28:19]} {[%emt 00:00:30]} Rfe8 {[%clk 01:28:42]}
{[%emt 00:00:19]} 13. Ne2 {[%clk 01:26:37]} {[%emt 00:01:52]} Rac8 {[%clk
01:26:36]} {[%emt 00:02:16]} 14. Bg3 {[%clk 01:26:09]} {[%emt 00:00:38]} Bxg3
{[%clk 01:23:43]} {[%emt 00:03:03]} 15. Nxg3 {[%clk 01:26:09]} {[%emt
00:00:08]} c5 {[%clk 01:23:32]} {[%emt 00:00:22]} 16. dxc5 {[%emt 00:02:10]}
Nxc5 {[%clk 01:23:04]} {[%emt 00:00:34]} 17. Ne5 {[%clk 01:23:07]} {[%emt
00:01:06]} Nxd3 {[%clk 01:21:59]} {[%emt 00:01:25]} 18. cxd3 {[%clk 01:22:48]}
{[%emt 00:00:29]} Bxh3 {[%clk 01:18:56]} {[%emt 00:03:12]} 19. Nxf7 {[%clk
01:21:50]} {[%emt 00:01:08]} Kxf7 {[%clk 01:18:22]} {[%emt 00:00:44]} 20. gxh3
{[%clk 01:21:29]} {[%emt 00:00:31]} Rxe1+ {[%clk 01:18:22]} {[%emt 00:00:11]}
21. Qxe1 {[%clk 01:21:13]} {[%emt 00:00:26]} Re8 {[%clk 01:18:13]} {[%emt
00:00:19]} 22. Qc1 {[%clk 01:20:40]} {[%emt 00:00:43]} Qd7 {[%clk 01:16:57]}
{[%emt 00:01:26]} 23. Qc2 {[%clk 01:19:45]} {[%emt 00:01:05]} Qxh3 {[%clk
01:15:32]} {[%emt 00:01:35]} 24. Qb3 {[%clk 01:17:33]} {[%emt 00:02:21]} Kg8
{[%clk 01:11:22]} {[%emt 00:04:22]} 25. Qxb7 {[%clk 01:15:03]} {[%emt
00:02:37]} Kh8 {[%clk 01:10:25]} {[%emt 00:01:09]} 26. Qxa7 {[%clk 01:14:24]}
{[%emt 00:00:49]} Ng4 {[%clk 01:10:25]} {[%emt 00:00:06]} 27. Nf1 {[%clk
01:13:50]} {[%emt 00:00:44]} Rf8 {[%clk 01:09:35]} {[%emt 00:01:00]} 28. Qc7
{[%clk 01:10:54]} {[%emt 00:03:06]} Rxf2 {[%clk 01:08:57]} {[%emt 00:00:48]} 29.
Qg3 {[%clk 01:10:29]} {[%emt 00:00:35]} Rxf1+ {[%clk 01:08:53]} {[%emt
00:00:15]} 30. Rxf1 {[%clk 01:09:41]} {[%emt 00:00:57]} Qxg3+ {[%clk 01:08:53]}
{[%emt 00:00:03]} 31. Kh1 {[%clk 01:09:26]} {[%emt 00:00:26]} Qh2# {[%clk
01:08:53]} {[%emt 00:00:02]} 0-1

[Event "2024 National Elementary (K-6) Championship"]
[Site "Columbus, Ohio, United States"]
[Date "2024.04.27"]
[Round "5.26"]
[White "Deutsch, Andrew Thomas"]
[Black "Donkor, Winston"]
[Result "1-0"]
[TimeControl "G/90; d10"]
[WhiteElo "698"]
[BlackElo "603"]

1. e4 {[%clk 01:30:00]} {[%emt 00:00:10]} d5 {[%clk 01:30:00]} {[%emt
00:00:10]} 2. exd5 {[%clk 01:29:53]} {[%emt 00:00:19]} Qxd5 {[%clk 01:30:00]} 3.
Nc3 {[%clk 01:29:49]} {[%emt 00:00:06]} Qa5 {[%clk 01:29:59]} {[%emt 00:00:09]}
4. d4 {[%clk 01:29:40]} {[%emt 00:00:18]} Nf6 {[%clk 01:29:49]} {[%emt
00:00:21]} 5. Nf3 {[%clk 01:29:31]} {[%emt 00:00:20]} Nc6 {[%clk 01:29:43]}
{[%emt 00:00:16]} 6. Bb5 {[%clk 01:29:07]} {[%emt 00:00:33]} Bd7 {[%clk
01:29:29]} {[%emt 00:00:24]} 7. Bd2 {[%clk 01:28:44]} {[%emt 00:00:34]} Qb4
{[%clk 01:29:14]} {[%emt 00:00:25]} 8. d5 {[%clk 01:23:47]} {[%emt 00:05:06]}
Nd4 {[%clk 01:28:23]} {[%emt 00:01:01]} 9. Bxd7+ {[%clk 01:21:54]} {[%emt
00:02:03]} Nxd7 {[%clk 01:27:48]} {[%emt 00:00:44]} 10. Nxd4 {[%clk 01:21:42]}
{[%emt 00:00:23]} Qxd4 {[%clk 01:27:43]} {[%emt 00:00:14]} 11. Nb5 {[%clk
01:20:58]} {[%emt 00:00:55]} Qb6 {[%clk 01:27:41]} {[%emt 00:00:13]} 12. Qe2
{[%clk 01:20:34]} {[%emt 00:00:33]} a6 {[%emt 00:01:08]} 13. Be3 {[%clk
01:19:43]} {[%emt 00:00:06]} Qa5+ {[%clk 01:27:35]} {[%emt 00:00:13]} 14. Nc3
{[%clk 01:19:29]} {[%emt 00:00:24]} g6 {[%clk 01:27:14]} {[%emt 00:00:31]} 15.
Bd4 {[%clk 01:18:32]} {[%emt 00:01:07]} Rg8 {[%clk 01:26:10]} {[%emt 00:01:14]}
16. O-O {[%clk 01:17:31]} {[%emt 00:01:10]} O-O-O {[%clk 01:25:54]} {[%emt
00:00:27]} 17. a4 {[%clk 01:15:56]} {[%emt 00:01:46]} Qb4 {[%emt 00:04:11]} 18.
Qd3 {[%clk 01:13:12]} {[%emt 00:01:47]} Qd6 {[%clk 01:21:44]} {[%emt 00:01:25]}
19. Ra3 {[%clk 01:12:05]} {[%emt 00:01:17]} e5 {[%clk 01:21:25]} {[%emt
00:00:29]} 20. Be3 {[%clk 01:11:33]} {[%emt 00:00:42]} Qf6 {[%clk 01:21:02]}
{[%emt 00:00:33]} 21. Ra2 {[%clk 01:10:12]} {[%emt 00:01:32]} Qd6 {[%clk
01:20:28]} {[%emt 00:00:43]} 22. Ne4 {[%clk 01:08:15]} {[%emt 00:02:06]} Qe7
{[%clk 01:20:03]} {[%emt 00:00:37]} 23. Qc3 {[%clk 01:06:45]} {[%emt 00:01:37]}
Bg7 {[%clk 01:19:20]} {[%emt 00:00:54]} 24. d6 {[%clk 01:06:15]} {[%emt
00:00:41]} c6 {[%clk 01:16:17]} {[%emt 00:03:13]} 25. dxe7 {[%emt 00:01:13]}
Rde8 {[%emt 00:00:04]} 26. Nd6+ {[%clk 01:04:30]} {[%emt 00:00:47]} Kc7 {[%clk
01:16:17]} {[%emt 00:00:12]} 27. Nxe8+ {[%clk 01:03:03]} {[%emt 00:00:38]} Rxe8
{[%emt 00:01:07]} 28. Rd1 {[%emt 00:00:45]} Rxe7 {[%clk 01:14:31]} {[%emt
00:00:59]} 29. Qd3 {[%clk 01:01:32]} {[%emt 00:01:44]} e4 {[%clk 01:14:19]}
{[%emt 00:00:23]} 30. Qd6+ {[%clk 01:00:52]} {[%emt 00:00:49]} Kd8 {[%clk
01:14:17]} {[%emt 00:00:12]} 31. Qb8# {[%emt 00:01:57]} 1-0

[Event "2024 National Elementary (K-6) Championship"]
[Site "Columbus, Ohio, United States"]
[Date "2024.04.27"]
[Round "5.27"]
[White "Gupta, Ishani Sarin"]
[Black "Iyer, Dhruv Karthik"]
[Result "1-0"]
[TimeControl "G/90; d10"]
[WhiteElo "962"]
[BlackElo "811"]

1. d4 {[%clk 01:30:00]} {[%emt 00:00:14]} d5 {[%clk 01:29:41]} {[%emt
00:00:21]} 2. Nf3 {[%clk 01:30:00]} {[%emt 00:00:02]} Nf6 {[%clk 01:28:03]}
{[%emt 00:01:46]} 3. e3 {[%clk 01:30:00]} {[%emt 00:00:02]} Bd7 {[%clk
01:25:37]} {[%emt 00:02:35]} 4. Bd3 {[%clk 01:29:48]} {[%emt 00:00:22]} e6
{[%clk 01:24:55]} {[%emt 00:00:52]} 5. b3 {[%clk 01:29:40]} {[%emt 00:00:18]}
Bb4+ {[%clk 01:23:35]} {[%emt 00:01:30]} 6. Nbd2 {[%clk 01:29:40]} {[%emt
00:00:05]} O-O {[%clk 01:23:31]} {[%emt 00:00:14]} 7. Bb2 {[%clk 01:29:27]}
{[%emt 00:00:24]} Nc6 {[%clk 01:22:15]} {[%emt 00:01:25]} 8. Ne5 {[%clk
01:29:27]} {[%emt 00:00:09]} Bd6 {[%clk 01:20:50]} {[%emt 00:01:34]} 9. O-O
{[%clk 01:29:23]} {[%emt 00:00:14]} Qe7 {[%clk 01:19:56]} {[%emt 00:01:05]} 10.
f4 {[%clk 01:29:11]} {[%emt 00:00:21]} Ba3 {[%clk 01:18:17]} {[%emt 00:01:50]}
11. Bc3 {[%clk 01:26:09]} {[%emt 00:03:11]} Bb4 {[%clk 01:17:37]} {[%emt
00:00:50]} 12. Bb2 {[%clk 01:25:15]} {[%emt 00:01:05]} Ba3 {[%clk 01:16:29]}
{[%emt 00:01:17]} 13. Bxa3 {[%clk 01:25:15]} {[%emt 00:00:07]} Qxa3 {[%clk
01:16:27]} {[%emt 00:00:12]} 14. Rf3 {[%clk 01:20:09]} {[%emt 00:05:16]} Ne7
{[%clk 01:14:43]} {[%emt 00:01:54]} 15. Rh3 {[%clk 01:19:35]} {[%emt 00:00:44]}
g6 {[%clk 01:10:35]} {[%emt 00:04:18]} 16. Qe1 {[%clk 01:18:35]} {[%emt
00:01:09]} Bc6 {[%clk 01:00:47]} {[%emt 00:09:58]} 17. Qh4 {[%clk 01:15:53]}
{[%emt 00:02:52]} Kg7 {[%clk 00:59:31]} {[%emt 00:01:25]} 18. Qh6+ {[%clk
01:14:37]} {[%emt 00:01:28]} Kh8 {[%clk 00:57:20]} {[%emt 00:01:51]} 19. Ndf3
{[%clk 01:14:34]} {[%emt 00:00:42]} Neg8 {[%clk 00:53:40]} {[%emt 00:03:50]} 20.
Qh4 {[%clk 01:13:46]} {[%emt 00:00:58]} h5 {[%clk 00:51:22]} {[%emt 00:02:28]}
21. g4 {[%clk 01:12:39]} {[%emt 00:01:17]} Qe7 {[%clk 00:45:18]} {[%emt
00:06:13]} 22. Ng5 {[%clk 01:09:45]} {[%emt 00:03:05]} Nh6 {[%clk 00:43:25]}
{[%emt 00:02:03]} 23. gxh5 {[%clk 01:06:30]} {[%emt 00:03:25]} gxh5 {[%clk
00:40:35]} {[%emt 00:02:11]} 24. Nh7 {[%clk 01:05:38]} {[%emt 00:01:50]} Rg8+
{[%clk 00:27:37]} {[%emt 00:13:10]} 25. Kf1 {[%clk 01:04:56]} {[%emt 00:00:51]}
Nhg4 {[%clk 00:26:35]} {[%emt 00:01:12]} 26. Nxg4 {[%clk 01:02:28]} {[%emt
00:02:38]} hxg4 {[%clk 00:25:33]} {[%emt 00:01:11]} 27. Nxf6+ {[%clk 01:02:06]}
{[%emt 00:00:32]} Kg7 {[%clk 00:20:50]} {[%emt 00:04:14]} 28. Qh6# {[%clk
01:00:51]} {[%emt 00:01:57]} 1-0